Normal view
MARC view
- MATHEMATIACA-DATA PROCESSING
Entry Topical Term
001 - CONTROL NUMBER
- control field: 66681
003 - CONTROL NUMBER IDENTIFIER
- control field: NUST
005 - DATE AND TIME OF LATEST TRANSACTION
- control field: 20210628203638.0
008 - FIXED-LENGTH DATA ELEMENTS
- fixed length control field: 210628|| aca||aabn | a|a d
040 ## - CATALOGING SOURCE
- Original cataloging agency: NUST
- Transcribing agency: NUST
150 ## - HEADING--TOPICAL TERM
- Topical term or geographic name entry element: MATHEMATIACA-DATA PROCESSING
670 ## - SOURCE DATA FOUND
- Source citation: Work cat.: (NUST): Abell, Martha.L , Braselton, James.P 66680, The mathematica hand book, 1992
